| 000 | 01033cam a2200301 a 4500 | ||
|---|---|---|---|
| 005 | 20260322212034.0 | ||
| 008 | data | ||
| 010 | _a 92043098 | ||
| 020 |
_a0425147886 (pbk) _c{dollar}27.50 |
||
| 020 |
_a9780425147887 (pbk) _c{dollar}27.50 |
||
| 040 |
_aDLC _cDLC _dDLC |
||
| 050 | 0 | 0 |
_aBF1091 _b.G84 1993 |
| 082 | 0 | 0 |
_a154.6/3/03 _220 |
| 092 | _a154 G84 1995 | ||
| 100 | 1 | _aGuiley, Rosemary. | |
| 245 | 1 | 4 |
_aThe encyclopedia of dreams : _bsymbols and interpretations / _cRosemary Guiley. |
| 250 | _a1995 (Berkley edition) | ||
| 260 |
_aNew York : _bCrossroad, _cc1993. |
||
| 300 |
_axiii, 206 p. : _bill. ; _c26 cm. |
||
| 504 | _aIncludes bibliographical references (p. [201]-204). | ||
| 650 | 0 | _aDreams. | |
| 650 | 0 | _aSymbolism (Psychology) | |
| 906 |
_a7 _bcbc _corignew _d1 _eocip _f19 _gy-gencatlg |
||
| 920 | _a** LC HAS REQ'D # OF SHELF COPIES ** | ||
| 991 |
_bc-GenColl _hBF1091 _i.G84 1993 _p00012274191 _tCopy 1 _wBOOKS |
||
| 001 | data | ||
| 999 |
_c792 _d792 |
||